La Política y las mujeres: Reflexiones finiseculares /
Uloženo v:
| Hlavní autor: | |
|---|---|
| Médium: | Text |
| Témata: | |
| Tagy: |
Přidat tag
Žádné tagy, Buďte první, kdo vytvoří štítek k tomuto záznamu!
|
MARC
| LEADER | 00000 a a2200000 04500 | ||
|---|---|---|---|
| 001 | 1885 | ||
| 003 | |||
| 040 | |||
| 100 | |a Fernández Poncela, Anna M. | ||
| 245 | |a La Política y las mujeres: |b Reflexiones finiseculares / |c Anna M. Fernández Poncela | ||
| 650 | |a PARTICIPACION DE LA MUJER | ||
| 650 | |a POLITICA | ||
| 650 | |a FEMINISMO | ||
| 773 | |g número 53; páginas 59-70 | ||
| 999 | |c 23138 |d 23138 | ||
